000 00726nam a22002417a 4500
003 CHAP
005 20220817041934.0
008 971013s1983 r 00010 eng d
010 _a29349
011 _a30321
035 _a34433
040 _cCHAP
090 _aR-2500
100 0 0 _aMadgwick, H. A. I.
245 1 0 _aAbove-ground weight of forest plots :
_bcomparison of seven methods of estimation
500 _aSobretiro de: New Zealand Journal of Forestry Science. 13(1): 100-107, 1983
590 _aBATCH-UPD
_b10
_c20130110
_lUCH01
_h2049
590 _aCONVERSION
_b10
_c20130109
_lUCH01
_h1317
650 1 4 _aMadera
_xPeso.
_969616
901 _aBK
942 _cREIMP
949 _aR-2500
_bBC
_cR
_d-79704
_eTS1
_i34433
_si
999 _c29349
_d29349